QA. PHYSIOLOGY:complete guide to crack your physiology exam (Record no. 7857)

MARC details
000 -LEADER
fixed length control field 00448nam a22001817a 4500
005 - DATE AND TIME OF LATEST TRANSACTION
control field 20220120130643.0
008 - FIXED-LENGTH DATA ELEMENTS--GENERAL INFORMATION
fixed length control field 220120b ||||| |||| 00| 0 eng d
020 ## - INTERNATIONAL STANDARD BOOK NUMBER
ISBN 978-81-7739-576-1
041 ## - LANGUAGE CODE
Language code of text/sound track or separate title eng
082 ## - DEWEY DECIMAL CLASSIFICATION NUMBER
Classification number 612
100 ## - MAIN ENTRY--AUTHOR NAME
Personal name JAIN, A.K
245 ## - TITLE STATEMENT
Title QA. PHYSIOLOGY:complete guide to crack your physiology exam
250 ## - EDITION STATEMENT
Edition statement 2nd, ed.
260 ## - PUBLICATION, DISTRIBUTION, ETC. (IMPRINT)
Place of publication NEW DELHU
Name of publisher APC COMPANY
300 ## - PHYSICAL DESCRIPTION
Number of Pages 170;p
650 ## - SUBJECT ADDED ENTRY--TOPICAL TERM
Topical Term BPT
942 ## - ADDED ENTRY ELEMENTS (KOHA)
Koha item type Books
Holdings
Lost status Damaged status Collection code Home library Current library Shelving location Date acquired Source of acquisition Cost, normal purchase price Full call number Accession Number Koha item type
    PHYSIOTHERAPY JRU Library JRU Library SHELF-28-B 20/01/2022 PURCHASE 1950.00 612 25946 Books
    PHYSIOTHERAPY JRU Library JRU Library SHELF-28-B 20/01/2022 PURCHASE 1950.00 612 25947 Books
    PHYSIOTHERAPY JRU Library JRU Library SHELF-28-B 20/01/2022 PURCHASE 1950.00 612 25948 Books
    PHYSIOTHERAPY JRU Library JRU Library SHELF-28-B 20/01/2022 PURCHASE 1950.00 612 25949 Books
    PHYSIOTHERAPY JRU Library JRU Library SHELF-28-B 20/01/2022 PURCHASE 1950.00 612 25950 Books